000 00696nam a2200205Ia 4500
005 20260121110108.0
008 008 260114s9999 xx 000 0 hin d
020 _a9788132367000
037 _aEBOOK
040 _aCRL
_bhin
_cCRL
041 _ahin
_2hin
084 _qCRL
100 _aऋषभ अग्रवाल / Rishabh Agarwal
_9941977
245 0 _aप्रभावशाली बिक्री प्रक्रियाएँ / Prabhavshali Vikray Prakriyaayein
260 _bभाषा प्रकाशन / Bhasha Prakashan
_c2021
856 _uhttps://bhashaprakashan.com/product-details/379557
942 _cEBOOK
999 _c1533642
_d1533642